00346nam a2200121 a 4500008004100000020001500041050001600056100002300072245006800095260003200163300002000195350000900215120416s0000 ||||||||||||||||| || u a0070023298 aNA 6212 Bui aHoyt, Charles King10aBuilding for commerce and industrycedited by Charles King Hoyt aNew YorkbMcGraw-Hillc1978 ax, 228p. : ill. a0.00